| 000 | 00498nam a2200181Ia 4500 | ||
|---|---|---|---|
| 003 | OSt | ||
| 005 | 20250108140923.0 | ||
| 008 | 210210b1930 xxu||||| |||| 00| 0 eng d | ||
| 040 | _cAL | ||
| 041 | _aKannada | ||
| 082 | _a853/440 | ||
| 100 |
_aSHANKARARAV KULAKARNI _9161932 _dಶಂಕರರಾವ್ ಕುಲಕರ್ಣಿ |
||
| 245 |
_aDevadanavaru: _bದೇವದಾನವರು |
||
| 260 |
_aMangaluru _b- _c1930 |
||
| 690 |
_aKannada Drama _9161933 |
||
| 906 | _a019715 | ||
| 942 |
_2ddc _cBK |
||
| 999 |
_c143856 _d143856 |
||